<?xml version="1.0" encoding="UTF-8"?>
<record
    xmlns:xsi="http://www.w3.org/2001/XMLSchema-instance"
    xsi:schemaLocation="http://www.loc.gov/MARC21/slim http://www.loc.gov/standards/marcxml/schema/MARC21slim.xsd"
    xmlns="http://www.loc.gov/MARC21/slim">

  <leader>00396    a2200109   4500</leader>
  <controlfield tag="001">ART_4850</controlfield>
  <controlfield tag="005">20260410161825.0</controlfield>
  <controlfield tag="008">260409a                                 </controlfield>
  <datafield tag="245" ind1="1" ind2="0">
    <subfield code="a">Una pol&#xED;tica macroecon&#xF3;mica enfocada en el empleo y el crecimiento</subfield>
  </datafield>
  <datafield tag="100" ind1="1" ind2=" ">
    <subfield code="a">Frenkel, Roberto</subfield>
  </datafield>
  <datafield tag="773" ind1="0" ind2=" ">
    <subfield code="t">Revista de trabajo</subfield>
    <subfield code="g">El empleo en el debate de las Am&#xE9;ricas - A&#xF1;o 1, N&#xBA; 1/1 (jul./dic. 2005)</subfield>
    <subfield code="w">REV4713</subfield>
  </datafield>
  <datafield tag="999" ind1=" " ind2=" ">
    <subfield code="c">22702</subfield>
    <subfield code="d">22702</subfield>
  </datafield>
</record>
